00325nam a2200121Ia 4500008004100000041000800041082001700049100001900066245004500085260004200130300002400172365000700196240624s9999 xx 000 0 und d aeng a153.430 DEB  aBONO EDWARD DE aSUR PETITION CREATING VALUE MONOPOLIES W c1992aNew DelhibHarper Collins India axxi, 234 p.; 23 cm. cRS